Регионална библиотека "Любен Каравелов" - Русе

Пьесы (Запис номер 362357)

MARC детайли
000 -Лидер
Контролно поле с фиксирана дължина 01352ncm a2200349 c 4500
003 - Код на организацията, давaща контролен номер
Контролно поле BLK
005 - Дата и час на последна редакция
Контролно поле 20200515122636.0
008 - Елементи от данни с фиксирана дължина
fixed length control field 180414b bul |a|er|||| |0| c|bulo|
010 ## - Наследен системен номер
LC control number NOT00000765000
040 ## - Източник на каталожния запис
Идентификатор на билиотеката - собственик на записа BLK
041 ## - Код за език
Код за езика на текст/звукозапис или на отделно заглавие Руски
Код за езика КДБФ Руски
080 ## - УДК
Текстов определител УДК Музика за пиано
УДК код - определител по УДК 786.2
УДК - код + определител 786.2
100 1# - Редна дума - Автор
Автор Рахманинов, Сергей Васильевич
Авторска отговорност първи автор
R(LIN) 387797
139 ## - Редно поле
Редна дума Рахманинов, Сергей
Авторски знак Рах - Р 40
245 10 - Сведения за заглавието
Заглавие Пьесы
Редно поле (дума) Сергей Васильевич Рахманинов.
Подзаглавни данни для фортепиано
257 ## - Страна на издаване
Страна на създаване/издаване Русия
260 ## - Област на издателските данни
Име на издателя, разпространителя и проч. Музыка 2802
Година на издаване 1971
Място на издаване, разпространение и проч. Москва
300 ## - Физическа характеристика
Страници 72 с.
Размери/Мащаб 28 см
380 ## - Жанр
Жанр Изкуство
650 #0 - Допълнително описание по предмет – тема
9 (RLIN) 291568
Основно описание – тема или топоним Пиано - пиеси
653 #7 - Ключова дума – ненормативна
9 (RLIN) 188627
Ключова дума клавирна музика
852 ## - Местоположение
Форматна сигнатура Цб М ІІ 5778
Част 7
Фондова буква Хранилище
856 4# - Електронен адрес и достъп
Електронен формат pdf - файл
Път до файла /url/
856 4# - Електронен адрес и достъп
Електронен формат pdf - файл
Път до файла /url/
999 ## - СИСТЕМНИ КОНТРОЛНИ НОМЕРА
Koha biblionumber 362357
Koha biblioitemnumber 362357
942 ## - АРТИКУЛИ
Вид на библиотечния материал Нотни издания
Скрит в OPAC Не
Периодичен библиозапис Да
944 ## - СЪЗДАВАНЕ И РЕДАКЦИЯ на ЗАПИСА
Създаване/Редакция Създаване
Дата на регистрацията/редакция 2020-05-15
Служител, извършил регистрацията/редакцията В. Т.
944 ## - СЪЗДАВАНЕ И РЕДАКЦИЯ на ЗАПИСА
Създаване/Редакция Редакция
Дата на регистрацията/редакция 08.06.2005
999 ## - СИСТЕМНИ КОНТРОЛНИ НОМЕРА
Koha biblioitemnumber 297887
Наличности
Код за отписване Код за изгубен артикул Източник на класификационната схема Код за повреда Код за отдаване Артикулен № Име на библиотеката - собственик Име на библиотеката, в която се намира в момента Статус (Текущо местоположение) Дата на вписване в системата Местоположение - отдел Цена в лева Инвентарен номер Систематично азбучна сигнатура Баркод Цена в евро Служебен тип на артикула
  Не е изгубен Universal Decimal Classification Не е повреден ползва се в читалня 770047 Регионална библиотека "Любен Каравелов" Русе Регионална библиотека "Любен Каравелов" Русе Хранилище 2020-05-17 Хранилище 0.72 111105 Цб М ІІ 5778 900000009639 0.37 Нотни издания
Vip Innovations Ltd, Rousse, Bulgaria 2025